LIBRARY & INFORMATION CENTRE, KCAET, TAVANUR

ONLINE PUBLIC ACCESS CATALOGUE (OPAC)

Nature and properties of soils / (Record no. 5447)

MARC details
000 -LEADER
fixed length control field 00424cam a2200169ua 4500
020 ## - INTERNATIONAL STANDARD BOOK NUMBER
ISBN 0-02-313346-6
041 ## - LANGUAGE CODE
Language code of text/sound track or separate title eng
082 ## - DEWEY DECIMAL CLASSIFICATION NUMBER
Classification number 631.4
Item number BRA/NA
100 ## - MAIN ENTRY--AUTHOR NAME
Personal name Brady, Nyle C .
245 ## - TITLE STATEMENT
Title Nature and properties of soils /
250 ## - EDITION STATEMENT
Edition statement 9 /
260 ## - PUBLICATION, DISTRIBUTION, ETC. (IMPRINT)
Place of publication New York :
Name of publisher McMillan Publishing Co ,
Year of publication 1984.
300 ## - PHYSICAL DESCRIPTION
Number of Pages 750 ; .
942 ## - ADDED ENTRY ELEMENTS (KOHA)
Koha item type Books
Holdings
Withdrawn status Lost status Damaged status Home library Current library Date acquired Full call number Accession Number Koha item type
      KAUAET KAUAET 02/09/1986 631.4 15649 Books
free website counter